00789nam a22001097a 4500040000800000082002700008100001700035245048600052260002600538300002800564856008700592 cRUA aATM UTH 2009 B196 Or.1 aUTH, SOPHEA. aEfficiency of integrated livelihood development project implementation of trade organization on farmer's livelihood in kirivong district takeo province, បប្រសិទ្ធភាពនៃការអនុវត្តគំរោងអភិវឌ្ឍន៍ជីវភាពចំរុះក្នុងកំរិតជីវភាពកសិកររបស់អង្គការត្រតនៅស្រុកគិរីវង់ ខេត្តតាកែវ aPhnom PenhbRUAc2009 aviii; 52p.bill.c29cm. uhttps://drive.google.com/file/d/1Gr2JiB0ckkiIRZLsrkxxidozQB0H1Br1/view?usp=sharing